History Quiz

Random History or Biography Quiz

History Books: The Subtitles II Quiz Stats

 Plays Quiz Updated Mar 5, 2016

Challenge
Share
Tweet
Embed
Score 0/15 Timer 04:00
5 Plays Today
% Correct
A Short History of Japan
91.2%
1215
88.8%
1491
86.4%
Sister Queens
85.3%
Eleventh Month, Eleventh Day, Eleventh Hour
84.4%
Liar, Temptress, Soldier, Spy
82.6%
Last Call
81.9%
Argo
79.6%
% Correct
Lawrence in Arabia
79.6%
How Wall Street Created a Nation
76.6%
We Wish to Inform You That Tomorrow We Will Be Killed With Our Families
73.8%
The Murder of the Century
72.8%
Krakatoa
69.8%
Tiananmen Diary
65.1%
Wild Swans
44.4%

You're not logged in!

Compare scores with friends on all Sporcle quizzes.
Join for Free
OR
Log In

You Might Also Like...

Show Comments

Extras

Top Quizzes Today


Score Distribution

Your Account Isn't Verified!

In order to create a playlist on Sporcle, you need to verify the email address you used during registration. Go to your Sporcle Settings to finish the process.

Report this User

Report this user for behavior that violates our Community Guidelines.

Details: